Cooler Than Me - Mike Posner Feat. Big Sean - All Lyrics - Statistics

General Stats
  • This quiz has been taken 28 times
  • The average score is 455 of 562
Answer Stats
Answer % Correct
a
100%
already
100%
could
100%
fall
100%
I
100%
in
100%
love
100%
make
100%
pshht,
100%
shh
100%
so
100%
song
100%
to
100%
would
100%
you
100%
You
100%
you,
100%
you?
100%
cooler
96%
have
96%
If
96%
me
96%
my
96%
than
96%
that
96%
think
96%
write
96%
your
96%
And
92%
arm
92%
you're
92%
all
88%
the
88%
around
85%
But
85%
But,
85%
but
85%
'cause
85%
'Cause
85%
got
85%
"hey"
85%
like
85%
Like
85%
no
85%
this
85%
under
85%
yup
85%
don't
81%
(don't
81%
just
81%
much
81%
noise,
81%
out
81%
say
81%
tricks,
81%
we
81%
wear
81%
'em
77%
hope
77%
it
77%
know
77%
know)
77%
Know
77%
(Know
77%
name
77%
never
77%
or
77%
Or
77%
probably
77%
remember
77%
steps
77%
won't,
77%
face
73%
hide
73%
it's
73%
up
73%
up),
73%
up,
73%
figured
69%
is
69%
shades
69%
shoes
69%
used
69%
designer
65%
of
65%
way
65%
When
65%
when
65%
ain't
62%
look
62%
on
62%
feet
58%
See,
54%
see
54%
eyes
50%
feel
50%
Sean,
50%
shit
50%
by
46%
even
46%
everyone's
46%
need
46%
them
46%
walk
46%
head
42%
seen
42%
pass
38%
about
35%
clouds
35%
highbrow
35%
highbrow,
35%
can
27%
act
23%
I'm
23%
vain,
23%
what's
23%
She
19%
she
19%
Was
19%
doubts
15%
give
15%
Girl,
12%
how
12%
Now
12%
switch
12%
Tryna
12%
actin'
8%
approachin'
8%
bored
8%
December
8%
deep
8%
Dior
8%
(Dior)
8%
fine,
8%
found
8%
nose
8%
pockets
8%
seems
8%
shallow
8%
summer
8%
sure
8%
'til
8%
winter
8%
winter,
8%
dare
4%
finer
4%
Miami
4%
Mrs.
4%
Primadonna,
4%
reminder
4%
No matching quizzes found
Score Distribution
Percent of People with Each Score
Percentile by Number Answered
Your Score History
You have not taken this quiz